| 000 | 00784nam a2200217 4500 | ||
|---|---|---|---|
| 001 | 126681 | ||
| 003 | ES-MaACL | ||
| 005 | 20230906192847.0 | ||
| 007 | t| | ||
| 008 | 070214s1966 sp r ||||1| spa d | ||
| 110 | 2 |
_aPax Romana-MIIC. _bCongreso Mundial ( _cMontevideo ( _d1962). _n25º) _9186682 |
|
| 245 | 1 | 3 |
_aLa responsabilidad social de la universidad _b: [actas del XXV Congreso Mundial de Pax Romana, Montevideo] / _ctextos preparados y ordenados por Joan E. Jarque. |
| 250 | _a1ª ed. | ||
| 260 |
_aBarcelona : _bEstela, _c1966. |
||
| 300 |
_a109 p. ; _c20 cm. |
||
| 490 | 1 |
_aCristianismo y Tiempo ; _v37 |
|
| 700 | 1 |
_aJarque i Jutglar, Joan E. _966138 |
|
| 830 | 0 |
_aCristianismo y Tiempo ; _v37 _9181569 |
|
| 852 |
_aES-MaACL _jC-30428 _bR.60609 |
||
| 999 |
_c126681 _d126681 |
||